BIBLIOTECA

SENCICO

Introducción al Análsis de Estructuras Isostáticas (Registro nro. 1099)

Detalles MARC
000 -LEADER
fixed length control field 00694nam a2200265Ia 4500
005 - DATE AND TIME OF LATEST TRANSACTION
control field 20251020182459.0
008 - FIXED-LENGTH DATA ELEMENTS--GENERAL INFORMATION
fixed length control field 200515s9999 xx 000 0 und d
020 ## - INTERNATIONAL STANDARD BOOK NUMBER
International Standard Book Number 970-18-6711-4
082 ## - DEWEY DECIMAL CLASSIFICATION NUMBER
Classification number 624.271/C26
100 ## - MAIN ENTRY--PERSONAL NAME
Personal name Carmona Gonzáles, Carlos J.
100 ## - MAIN ENTRY--PERSONAL NAME
Personal name García Carbajal, Julio
100 ## - MAIN ENTRY--PERSONAL NAME
Personal name Olvera Montes, Alfonso E.
245 #0 - TITLE STATEMENT
Title Introducción al Análsis de Estructuras Isostáticas
250 ## - EDITION STATEMENT
Edition statement 1a ed.
260 ## - PUBLICATION, DISTRIBUTION, ETC.
Place of publication, distribution, etc. México, D.F.
260 ## - PUBLICATION, DISTRIBUTION, ETC.
Name of publisher, distributor, etc. Instituto Politécnico Nacional
260 ## - PUBLICATION, DISTRIBUTION, ETC.
Date of publication, distribution, etc. 2001
300 ## - PHYSICAL DESCRIPTION
Extent 228 p.
300 ## - PHYSICAL DESCRIPTION
Other physical details graf.
500 ## - GENERAL NOTE
General note 1 ejemplar
650 ## - SUBJECT ADDED ENTRY--TOPICAL TERM
Topical term or geographic name entry element ANALISIS DE ESTRUCTURAS
650 ## - SUBJECT ADDED ENTRY--TOPICAL TERM
Topical term or geographic name entry element ESTRUCTURAS
942 ## - ADDED ENTRY ELEMENTS (KOHA)
Koha item type Libros
Existencias
Fecha de la última vez que lo usaron Pago total Signatura topográfica completa Código de barras Precio efectivo desde Tipo de documento Estado perdido Estado dañado No es para préstamo Retirado Ubicación permanente Ubicación actual Fecha de adquisición
15/05/2020   624.271/C26 Bib-Lima15051099 15/05/2020 Libros         Biblioteca Central Lima Biblioteca Central Lima 15/05/2020